Statistics for Most Valuable Sports Leagues

Click here to take the quiz!

General Stats

  • This quiz has been taken 70 times
  • The average score is 7 of 10

Answer Stats

bil $ League % Correct
13National Football League
97%
4.8National Basketball Association
96%
3.7National Hockey League
90%
5.3Premier League
88%
9.5Major League Baseball
76%
2.2La Liga
76%
2.8Bundesliga
73%
1.9Serie A
55%
1.5Ligue 1
42%
1.1Nippon Professional Baseball
3%

Score Distribution

Percentile by Number Answered

Percent of People with Each Score

Your Score History

You have not taken this quiz